NLSUI OPAC header image

Gender diversity in corporate laws (Record no. 217551)

MARC details
000 -LEADER
fixed length control field 00589nam a2200145Ia 4500
005 - DATE AND TIME OF LATEST TRANSACTION
control field 20260209120146.0
008 - FIXED-LENGTH DATA ELEMENTS--GENERAL INFORMATION
fixed length control field 260209s9999||||xx |||||||||||||| ||und||
100 ## - MAIN ENTRY--PERSONAL NAME
Personal name Nikita Swamy
245 #0 - TITLE STATEMENT
Title Gender diversity in corporate laws
260 ## - PUBLICATION, DISTRIBUTION, ETC.
Place of publication, distribution, etc. BangaloreBangalore
Name of publisher, distributor, etc. NLSIU, Bangalore
Date of publication, distribution, etc. 2022
300 ## - PHYSICAL DESCRIPTION
Extent 51 p. ; 25 cm.
505 ## - FORMATTED CONTENTS NOTE
Formatted contents note Companies Act Feminism Gender Diversity - Corporate Boards Indian Corporate Laws - Gender Diversity
700 ## - ADDED ENTRY--PERSONAL NAME
Personal name Prof. Dr. Sarasu Esther Thomas - SupervisorProf. Dr. Sarasu Esther Thomas - Supervisor
856 ## - ELECTRONIC LOCATION AND ACCESS
Uniform Resource Identifier <a href="https://dans.nls.ac.in/handle/123456789/1153">https://dans.nls.ac.in/handle/123456789/1153</a>
Holdings
Withdrawn status Lost status Damaged status Not for loan Home library Current library Date acquired Total Checkouts Barcode Date last seen Price effective from Koha item type
        . . 09.02.2026   LLM917 09.02.2026 09.02.2026 Dissertation